Statistics for V for Vendetta - V's Introductory Speech

Click here to take the quiz!

General Stats

  • This quiz has been taken 79 times
  • The average score is 20 of 49

Answer Stats

TextV-words% Correct
good honour to meet you and you may call meV.
100%
so let me simply add that it's myvery
70%
andvillain
68%
of thevox
66%
avendetta
64%
Inview,
61%
ofvanity
57%
castvicariously
57%
as bothvictim
57%
of Fate. Thisvisage,
57%
a humblevaudevillian
55%
veteran
52%
no mereveneer
50%
Voila!
50%
not invain
48%
isvengeance;
48%
by thevicissitudes
48%
vanished.
45%
populi, nowvacant,
43%
tovanquish
43%
standsvivified
43%
The onlyverdict
41%
of a bygonevexation
41%
vicious
41%
vermin
39%
is avestige
36%
visitation
36%
ofvolition.
36%
and hasvowed
36%
Verily,
34%
thevigilant
34%
violation
34%
held as avotive
34%
thesevenal
32%
andvirulent
32%
vice
30%
of such shall one dayvindicate
30%
and thevirtuous.
30%
vanguarding
27%
veers
27%
ofverbiage
27%
mostverbose
27%
andvoracious
27%
However, thisvalourous
25%
for thevalue
25%
andvouchsafing
25%
andveracity
20%
theviolently
20%
thisvichyssoise
18%

Score Distribution

Percentile by Number Answered

Percent of People with Each Score

Your Score History

You have not taken this quiz